Meilleur Joueur du Monde World Rugby depuis 2001 - Facile - Statistiques

Statistiques générales
  • Ce quiz a été pris 11 fois
  • Le résultat moyen est 15 sur 24
Statistiques - réponses
Par images Hint Réponse % Correct
2021 - 1/2 mélée - France - Stade Toulousain Antoine Dupont
100%
2011 - n°6/7 - France - Stade Toulousain Thierry Dusautoir
100%
2005 - n°10 - Nouvelle Zélande - Crusaders Dan Carter
91%
2012 - n°10 - Nouvelle Zélande - Crusaders Dan Carter
91%
2015 - n°10 - Nouvelle Zélande - Crusaders Dan Carter
91%
2018 - n°10 - Irlande - Leinster Jonathan Sexton
91%
2003 - n°10 - Angleterre - Newcastle Falcons Jonny Wilkinson
73%
2006 - n°6/7 - Nouvelle Zélande - Crusaders Richie McCaw
73%
2009 - n°6/7 - Nouvelle Zélande - Crusaders Richie McCaw
73%
2010 - n°6/7 - Nouvelle Zélande - Crusaders Richie McCaw
73%
2016 - n°10 - Nouvelle Zélande - Hurricanes Beauden Barrett
64%
2017 - n°10 - Nouvelle Zélande - Hurricanes Beauden Barrett
64%
2007 - n°11/14 - AF du Sud - Bulls Bryan Habana
64%
2002 - n°9 - France - Stade Français Fabien Galthié
64%
2019 - 3L - AF du Sud - Stormers Pieter Steph du Toit
64%
2024 - 3L - AF du Sud - Stormers Pieter Steph du Toit
64%
2014 - n°4/5 - Nouvelle Zélande - Chiefs Brodie Retallick
45%
2022 - 3L - Irlande - Leinster Josh Van der Flier
45%
2023 - 3L centre - Nouvelle Zélande - Hurricanes Ardie Savea
36%
2025 - Talonneur - AF du Sud - Kubota Spears Malcolm Marx
36%
2001 - n°2 - Irlande - Harlequins Keith Wood
27%
2013 - n°8 - Nouvelle Zélande - Crusaders Kieran Read
27%
2004 - n°6/7 - AF du Sud - Stormers Schalk Burger
27%
2008 - n°11/14 - Pays de Galles - Ospreys Shane Williams
27%
Aucun quiz correspondant
Distribution des résultats
% des personnes avec chaque résultat
Percentile par nombre de réponses
Votre historique - résultats
Vous n’avez pas pris ce quiz